000 00433nam a2200157Ia 4500
008 240729s9999 xx 000 0 und d
022 _a1179-142X
245 0 _aInternational Medical Case Reports Journal
260 _aUnited Kingdom
260 _bDove Medical Press
650 _a Medicine (General)
650 _aMedicine
856 _uhttps://doaj.org/toc/dc8fc3c6892f415da4f3249092c35f2f
942 _2ddc
942 _cDOAJEJ
999 _c73811
_d73811
945 _a1
_bMadushi Gamage
_c1
_dMadushi Gamage